Presas na teia (Record no. 67894)

MARC details
000 -LÍDER
campo de controle de tamanho fixo 00330 a2200157 4500
001 - NÚMERO DE CONTROLE
campo de controle 67894
020 ## - ISBN - INTERNATIONAL STANDARD BOOK NUMBER
ISBN - International Standard Book Number 9788516060466
040 ## - FONTE DA CATALOGAÇÃO
Instituição que transcreveu o registro Anchieta - Pituba
100 ## - ENTRADA PRINCIPAL--NOME PESSOAL
Nome pessoal Hermann, Rosana
240 10 - TÍTULO UNIFORME
Título uniforme Presas na teia
Idioma da obra por
245 10 - TÍTULO
Título Presas na teia
300 ## - DESCRIÇÃO FÍSICA
Extensão 87
362 0# - DATAS DE PUBLICAÇÃO E/OU DESIGNAÇÃO SEQUENCIAL
Datas de publicação e/ou designação sequencial 2008
650 #4 - ASSUNTO--TERMO TÓPICO
Cabeçalho tópico ou nome geográfico Literatura juvenil
942 ## - ELEMENTOS DE ENTRADA ADICIONADOS (KOHA)
Tipo de material Koha Livros
Holdings
Situação do descarte Situação das perdas Situação física Não pode ser emprestado Biblioteca de origem Biblioteca atual Data de aquisição Total de empréstimos Número de chamada completo Código de barras Data de último acesso Data do preço efetivo Tipo de material Koha Fonte da classificação ou esquema de arquivamento na estante Número do exemplar Nota pública
        Colégio Anchieta - Pituba Colégio Anchieta - Pituba 21/11/2023   LJ 028.5 H552p HER PRE 22944/PIT 21/11/2023 21/11/2023 Livros      
        Novo Tempo - Aureliano São José Novo Tempo - Aureliano São José 17/05/2024     nt688 17/05/2024 17/05/2024 Livros Classificação Decimal de Dewey 1 estante red
        Novo Tempo - Aureliano São José Novo Tempo - Aureliano São José 17/05/2024     nt689 17/05/2024 17/05/2024 Livros Classificação Decimal de Dewey 2 estante red
        Novo Tempo - Aureliano São José Novo Tempo - Aureliano São José 17/05/2024     nt690 17/05/2024 17/05/2024 Livros Classificação Decimal de Dewey 3 estante red
        Novo Tempo - Aureliano São José Novo Tempo - Aureliano São José 17/05/2024     nt692 17/05/2024 17/05/2024 Livros Classificação Decimal de Dewey   estante red
        Novo Tempo - Aureliano São José Novo Tempo - Aureliano São José 17/05/2024     nt691 17/05/2024 17/05/2024 Livros Classificação Decimal de Dewey 4 estante red
        Novo Tempo - Aureliano São José Novo Tempo - Aureliano São José 17/05/2024     nt693 17/05/2024 17/05/2024 Livros Classificação Decimal de Dewey 6 estante red
        Novo Tempo - Aureliano São José Novo Tempo - Aureliano São José 17/05/2024     nt694 17/05/2024 17/05/2024 Livros Classificação Decimal de Dewey 6 estante red